Sports Quiz

Random Sports Quiz

Top XIs: Aberdeen (1990s) Quiz Stats

Quiz not verified by Sporcle

Challenge
Share
Tweet
Embed
Score 0/110 Timer 08:00
0 Plays Today
% Correct
Jim Leighton
94.8%
Jim Leighton
94.8%
Jim Leighton
94.8%
Theo Snelders
93.7%
Theo Snelders
93.7%
Theo Snelders
93.7%
Theo Snelders
93.7%
Theo Snelders
93.7%
Eoin Jess
91.6%
Eoin Jess
91.6%
Eoin Jess
91.6%
Eoin Jess
91.6%
Eoin Jess
91.6%
Eoin Jess
91.6%
Eoin Jess
91.6%
Eoin Jess
91.6%
Joe Miller
91.1%
Joe Miller
91.1%
Joe Miller
91.1%
Joe Miller
91.1%
Joe Miller
91.1%
Alex Miller
90.6%
Stewart McKimmie
90.1%
Stewart McKimmie
90.1%
Stewart McKimmie
90.1%
Stewart McKimmie
90.1%
Stewart McKimmie
90.1%
Billy Dodds
89%
Billy Dodds
89%
Billy Dodds
89%
Billy Dodds
89%
Alex McLeish
84.3%
Alex McLeish
84.3%
Duncan Shearer
81.2%
Duncan Shearer
81.2%
Duncan Shearer
81.2%
Scott Booth
79.6%
% Correct
Gary Smith
79.1%
Gary Smith
79.1%
Gary Smith
79.1%
Gary Smith
79.1%
Gary Smith
79.1%
David Robertson
78%
Brian Irvine
77%
Brian Irvine
77%
Brian Irvine
77%
Brian Irvine
77%
Brian Irvine
77%
Brian Irvine
77%
Jim Bett
76.4%
Jim Bett
76.4%
Robbie Winters
75.9%
Robbie Winters
75.9%
Paul Bernard
73.8%
Russell Anderson
73.8%
Russell Anderson
73.8%
Paul Bernard
73.8%
Stephen Glass
69.6%
Stephen Glass
69.6%
Stephen Glass
69.6%
Michael Watt
68.1%
Hans Gillhaus
67.5%
Hans Gillhaus
67.5%
Stephen Wright
65.4%
Stephen Wright
65.4%
Stephen Wright
65.4%
Stephen Wright
65.4%
Dean Windass
62.3%
Brian Grant
61.3%
Brian Grant
61.3%
Brian Grant
61.3%
Brian Grant
61.3%
Brian Grant
61.3%
Bobby Connor
60.2%
% Correct
Arild Stavrum
59.7%
Derek Whyte
59.2%
John Inglis
57.1%
John Inglis
57.1%
John Inglis
57.1%
Paul Mason
55.5%
Paul Mason
55.5%
Paul Mason
55.5%
Darren Young
55.5%
Ilian Kiriakov
55%
Ilian Kiriakov
55%
Nicky Walker
52.9%
Cato Guntveit
47.1%
Peter van de Ven
45.5%
Peter van de Ven
45.5%
Lee Richardson
45%
Lee Richardson
45%
Andy Dow
45%
Andy Dow
45%
Thomas Solberg
44.5%
Mixu Paatelainen
42.4%
David Rowson
41.4%
David Rowson
41.4%
David Rowson
41.4%
Mark Perry
39.3%
Mike Newell
38.7%
Tzanko Tzvetanov
38.2%
Brian O'Neil
38.2%
Jamie McAllister
35.6%
Theo ten Caat
34.6%
Paul Kane
31.4%
Antoine Kombouaré
30.9%
Jamie Buchan
28.3%
David Winnie
27.7%
Andreas Mayer
26.7%
Ray McKinnon
19.4%

You're not logged in!

Compare scores with friends on all Sporcle quizzes.
Join for Free
OR
Log In

You Might Also Like...

Show Comments

Extras

Top Quizzes Today


Score Distribution

Your Account Isn't Verified!

In order to create a playlist on Sporcle, you need to verify the email address you used during registration. Go to your Sporcle Settings to finish the process.

Report this User

Report this user for behavior that violates our Community Guidelines.

Details: